Top 10 des marques de beauté - 2021 - Statistiques

Statistiques générales
  • Ce quiz a été pris 742 fois
  • Le résultat moyen est 2 sur 10
Statistiques - réponses
Rang Marque % Correct
1_ L'Oréal
81%
3_ Nivea
33%
9_ Garnier
30%
4_ Guerlain
16%
7_ Dove
13%
8_ Clinique
10%
5_ Estée Lauder
7%
2_ Gillette
5%
10_ Head & Shoulders
2%
6_ Pantene
2%
Aucun quiz correspondant
Distribution des résultats
% des personnes avec chaque résultat
Percentile par nombre de réponses
Votre historique - résultats
Vous n’avez pas pris ce quiz